Turkish verbs ending in -etmek - Statistics

General Stats
  • This quiz has been taken 34 times
  • The average score is 11 of 74
Answer Stats
Hint Answer % Correct
Pardon Af
72%
Name Ad
56%
Forgive Affetmek
44%
Feeling His
39%
To feel Hissetmek
39%
To lose Kaybetmek
33%
To mention Bahsetmek
28%
To grant Bahşetmek
28%
To deem Addetmek
22%
Donation Bağış
22%
Subject Bahis
22%
Prison Hapis
22%
To Incarcerate Hapsetmek
22%
Murderer Katil
22%
To murder Katletmek
22%
Blasphemy Küfür
22%
To reject Reddetmek
22%
Picture Resim
22%
To bury Defnetmek
17%
Rotation Devir
17%
To hand over Devretmek
17%
To record Kaydetmek
17%
Loss Kayip
17%
Recording Kayıt
17%
To discover Keşfetmek
17%
Discovery Keşif
17%
To curse Küfretmek
17%
To paint Resmetmek
17%
Denial Ret
17%
Forbearance Sabır
17%
To be patient Sabretmek
17%
To tie Akdetmek
11%
Contract Akit
11%
Burial Defin
11%
Command Emir
11%
To order Emretmek
11%
To conquer Fethetmek
11%
Conquest Fetih
11%
To wash entirely Gusletmek
11%
Full-body ablution Gusül
11%
Solution Hal
11%
To solve Halletmek
11%
Digestion Hazım
11%
To digest Hazmetmek
11%
Anxiety Kahır
11%
To devastate,To condemn Kahretmek
11%
To grant Lütfetmek
11%
Favor Lütuf
11%
Annihilation Mahıv
11%
To destroy Mahvetmek
11%
Act of hindering Men
11%
To prohibit Menetmek
11%
Ambition Azim
6%
To be determined Azmetmek
6%
To tempt Cezbetmek
6%
Attraction Cezip
6%
To cancel Feshetmek
6%
Abolition Fesih
6%
To govern Hükmetmek
6%
Rule Hüküm
6%
Intent Kasıt
6%
To mean Kastetmek
6%
Praise Medih
6%
To praise Methetmek
6%
Progress Seyir
6%
To observe Seyretmek
6%
To attribute Atfetmek
0%
Attribution Atıf
0%
Transfer Nakil
0%
To transport Nakletmek
0%
Scattering Neşir
0%
To disseminate,To broadcast Neşretmek
0%
Expenditure Sarf
0%
To spend Sarfetmek
0%
No matching quizzes found
Score Distribution
Percent of People with Each Score
Percentile by Number Answered
Your Score History
You have not taken this quiz